Year of the Bible : (Record no. 2367)
[ view plain ]
| 000 -LEADER | |
|---|---|
| fixed length control field | 00626cam a2200205 a 4500 |
| 001 - CONTROL NUMBER | |
| control field | 42603129 |
| 003 - CONTROL NUMBER IDENTIFIER | |
| control field | OCoLC |
| 005 - DATE AND TIME OF LATEST TRANSACTION | |
| control field | 20181011185901.0 |
| 008 - FIXED-LENGTH DATA ELEMENTS--GENERAL INFORMATION | |
| fixed length control field | 990421s1991 nyub 000 0 eng |
| 010 ## - LIBRARY OF CONGRESS CONTROL NUMBER | |
| LC control number | 99198755 |
| 040 ## - CATALOGING SOURCE | |
| Original cataloging agency | DLC |
| Transcribing agency | DLC |
| Modifying agency | DAY |
| 050 00 - LIBRARY OF CONGRESS CALL NUMBER | |
| Classification number | BS2095 |
| Item number | .C66 1991f |
| 082 00 - DEWEY DECIMAL CLASSIFICATION NUMBER | |
| Classification number | REF 225 |
| Edition number | 21 |
| 130 0# - MAIN ENTRY--UNIFORM TITLE | |
| Uniform title | Bible. |
| Name of part/section of a work | New Testament. |
| Language of a work | English. |
| Version | Contemporary English. |
| Date of a work | 1991 |
| 245 10 - TITLE STATEMENT | |
| Title | Year of the Bible : |
| Remainder of title | New Testament, 5 minutes a day ... finished in a year. |
| 260 ## - PUBLICATION, DISTRIBUTION, ETC. | |
| Place of publication, distribution, etc. | New York : |
| Name of publisher, distributor, etc. | American Bible Society, |
| Date of publication, distribution, etc. | c1995. |
| 300 ## - PHYSICAL DESCRIPTION | |
| Extent | 436 p. : |
| Other physical details | maps ; |
| Dimensions | 22 cm |
| 710 2# - ADDED ENTRY--CORPORATE NAME | |
| Corporate name or jurisdiction name as entry element | American Bible Society |
| 942 ## - ADDED ENTRY ELEMENTS (KOHA) | |
| Source of classification or shelving scheme | Dewey Decimal Classification |
| Koha item type | Reference |
| Withdrawn status | Lost status | Source of classification or shelving scheme | Damaged status | Not for loan | Collection code | Home library | Current library | Shelving location | Date acquired | Total Checkouts | Full call number | Barcode | Date last seen | Price effective from | Koha item type |
|---|---|---|---|---|---|---|---|---|---|---|---|---|---|---|---|
| Dewey Decimal Classification | Not For Loan | Reference | Harvest Mission College | Harvest Mission College | Reference | 11.10.2018 | REF 225 | 000798 | 11.10.2018 | 11.10.2018 | Reference |
